| 000 | 00438nam a2200169Ia 4500 | ||
|---|---|---|---|
| 003 | GCL | ||
| 008 | 140319s9999 xx 000 0 eng d | ||
| 040 |
_aGCL / _cGCL |
||
| 082 | 0 | 4 |
_a751.4 _bS W |
| 100 | 1 | _aSELIGMAN, PATRICIA | |
| 245 | 1 | 0 |
_aWEATHER: HOW TO SEE IT HOW TO PAINT IT / _cSELIGMAN, PATRICIA |
| 260 |
_a[S.N] : _bB.T.BATSFORD LTD ، _c1992 |
||
| 300 | _a144 PP | ||
| 650 | 0 | 4 | _aARTS |
| 650 | 0 | 4 | _aPAINTING |
| 942 |
_2ddc _cBK |
||
| 999 |
_c18914 _d18914 |
||